000 00960nam a22002897a 4500
001 BR6005001
003 BR-BrBNA
005 20230928083219.0
007 ta
008 230509b bl.||||| |||| 00| 0 por d
040 _aBR-BrBNA
_bpor
_cBiblioteca Nacional de Agricultura
041 _a(Por)
072 _aF00; F30
_b0180
_b/G514
090 _ 0180 BR6005001
110 1 _aInstituto de Pesquisa Agropecuaria do Sul, Passo Fundo, RS (Brasil). Estacao Experimental de Passo Fundo
_96096
111 1 _a6. Reuniao Anual Conjunta de Pesquisa de Trigo
_cPorto Alegre, RS (Brazil)
_d1 Apr 1974
245 1 _aPesquisa com trigo na Estacao Experimental de Passo Fundo [Rio Grande do Sul; Brasil]
260 3 _aPasso Fundo, RS (Brasil):
_c[nd].
300 _a188 p.
500 _aPublished after 1974
650 _aProducao vegetal
650 _aVariedade
650 _aTrigo
650 _aAdubacao
909 _a202309
_bLucia
_c55
_dLucia Elande
942 _cBK
999 _c12183
_d12183